header

Slavery, emancipation and colonial rule in South Africa (Record no. 5523)

MARC details
000 -LEADER
fixed length control field 01538nam a22003494a 4500
001 - CONTROL NUMBER
control field ebr10276637
003 - CONTROL NUMBER IDENTIFIER
control field CaPaEBR
006 - FIXED-LENGTH DATA ELEMENTS--ADDITIONAL MATERIAL CHARACTERISTICS--GENERAL INFORMATION
fixed length control field m u
007 - PHYSICAL DESCRIPTION FIXED FIELD--GENERAL INFORMATION
fixed length control field cr cn|||||||||
008 - FIXED-LENGTH DATA ELEMENTS--GENERAL INFORMATION
fixed length control field 090204r20082007ohub sb s001 0 eng d
010 ## - LIBRARY OF CONGRESS CONTROL NUMBER
Canceled/invalid LC control number 2009286058
020 ## - INTERNATIONAL STANDARD BOOK NUMBER
Cancelled/invalid ISBN 9780896802636 (pbk.)
Cancelled/invalid ISBN 0896802639 (pbk.)
040 ## - CATALOGING SOURCE
Original cataloging agency CaPaEBR
Transcribing agency CaPaEBR
035 ## - SYSTEM CONTROL NUMBER
System control number (OCoLC)471133677
050 14 - LIBRARY OF CONGRESS CALL NUMBER
Classification number HT1394.S6
Item number D66 2008eb
100 1# - MAIN ENTRY--PERSONAL NAME
Personal name Dooling, Wayne.
245 10 - TITLE STATEMENT
Title Slavery, emancipation and colonial rule in South Africa
Medium [electronic resource] /
Statement of responsibility, etc Wayne Dooling.
260 ## - PUBLICATION, DISTRIBUTION, ETC. (IMPRINT)
Place of publication, distribution, etc Athens :
Name of publisher, distributor, etc Ohio University Press,
Date of publication, distribution, etc [2008]
300 ## - PHYSICAL DESCRIPTION
Extent xi, 249 p. :
Other physical details maps.
490 1# - SERIES STATEMENT
Series statement Ohio University research in international studies. Africa series ;
Volume number/sequential designation no. 87
500 ## - GENERAL NOTE
General note Originally published: Scottsville, South Africa : University of KwaZulu-Natal Press, 2007.
504 ## - BIBLIOGRAPHY, ETC. NOTE
Bibliography, etc Includes bibliographical references (p. 232-243) and index.
533 ## - REPRODUCTION NOTE
Type of reproduction Electronic reproduction.
Place of reproduction Palo Alto, Calif. :
Agency responsible for reproduction ebrary,
Date of reproduction 2013.
Note about reproduction Available via World Wide Web.
-- Access may be limited to ebrary affiliated libraries.
650 #0 - SUBJECT ADDED ENTRY--TOPICAL TERM
Topical term or geographic name as entry element Slaves
General subdivision Emancipation
Geographic subdivision South Africa
General subdivision History.
Topical term or geographic name as entry element Slavery
General subdivision Economic aspects
Geographic subdivision South Africa.
Topical term or geographic name as entry element Colonies
General subdivision Economic conditions.
655 #7 - INDEX TERM--GENRE/FORM
Genre/form data or focus term Electronic books.
Source of term local
710 2# - ADDED ENTRY--CORPORATE NAME
Corporate name or jurisdiction name as entry element ebrary, Inc.
830 #0 - SERIES ADDED ENTRY--UNIFORM TITLE
Uniform title Research in international studies.
Name of part/section of a work Africa series ;
Volume number/sequential designation no. 87.
856 40 - ELECTRONIC LOCATION AND ACCESS
Uniform Resource Identifier <a href="http://site.ebrary.com/lib/rucke/Doc?id=10276637">http://site.ebrary.com/lib/rucke/Doc?id=10276637</a>
Public note An electronic book accessible through the World Wide Web; click to view

No items available.

© 2026 Rongo University
Contact us: librarian | system librarian | Rongo university